[Event "BALKAN AMATEUR CHESS FESTIVAL"]
[Site "Belogradchik, hotel Skalite"]
[Date "2010.09.10"]
[Round "7.12"]
[White "Ivanov, Stoyan E"]
[Black "Kamenov, Valentin"]
[Result "1-0"]
[WhiteElo "2176"]
[BlackElo "1797"]
[PlyCount "63"]
[EventDate "2010.09.06"]

1. c4 Nf6 2. Nc3 g6 3. Nf3 Bg7 4. d4 d6 5. e4 O-O 6. Be2 c5 7. d5 e6 8. O-O
exd5 9. cxd5 Re8 10. Nd2 a6 11. a4 b6 12. Qc2 Ra7 13. Nc4 Rae7 14. Bd3 Qc7 15.
e5 Rxe5 16. Nxe5 Rxe5 17. Bf4 Re8 18. Rfe1 Rd8 19. Qd2 Nbd7 20. Bh6 Ne5 21.
Bxg7 Kxg7 22. Bf1 h5 23. h3 Bb7 24. f4 Ned7 25. Rad1 c4 26. Qd4 Rc8 27. g4 hxg4
28. hxg4 Qc5 29. g5 Qxd4+ 30. Rxd4 Ne8 31. Bh3 f5 32. Re7+ 1-0

[Event "BALKAN AMATEUR CHESS FESTIVAL"]
[Site "Belogradchik, hotel Skalite"]
[Date "2010.09.10"]
[Round "7.13"]
[White "Ninov, Dayan"]
[Black "Andreev, Stanislav"]
[Result "0-1"]
[WhiteElo "2033"]
[BlackElo "2163"]
[PlyCount "67"]
[EventDate "2010.09.06"]

1. d4 c6 2. c4 d5 3. Nf3 Nf6 4. g3 Bf5 5. Bg2 e6 6. O-O h6 7. Qb3 Qb6 8. Nc3
Nbd7 9. c5 Qa6 10. Nd2 e5 11. dxe5 Nxe5 12. e4 Be6 13. exd5 cxd5 14. Nxd5 O-O-O
15. Qc3 Bxd5 16. Qxe5 Bxg2 17. Kxg2 Qc6+ 18. Kg1 Rd5 19. Qe2 Bxc5 20. Nb3 Kb8
21. Nxc5 Rxc5 22. Bf4+ Ka8 23. Qe7 Ng4 24. Rac1 Rxc1 25. Rxc1 Qf3 26. Qc5 a6
27. h3 g5 28. Bd2 Rd8 29. Be1 Nf6 30. Qb6 Rb8 31. b4 g4 32. hxg4 Nxg4 33. Bc3
Rc8 34. Re1 0-1

[Event "BALKAN AMATEUR CHESS FESTIVAL"]
[Site "Belogradchik, hotel Skalite"]
[Date "2010.09.10"]
[Round "7.14"]
[White "Dichev, Nedelcho"]
[Black "Sofranov, Velizar"]
[Result "0-1"]
[WhiteElo "2163"]
[BlackElo "2011"]
[PlyCount "50"]
[EventDate "2010.09.06"]

1. c4 e5 2. Nc3 d6 (2... Nc6 3. g3 (3. Nf3 Nd4 (3... Nf6 4. g3 d5 5. cxd5 Nxd5)
4. Nxe5 Qe7) 3... g6 4. Bg2 Bg7 5. d3 d6 6. e4 Nge7 7. Nge2 O-O 8. O-O Be6) 3.
e4 (3. g3 f5 4. Bg2 Nf6 5. e3 Be7 6. Nge2 O-O 7. d4 (7. d3 c6 8. b3 Na6 9. Bb2
Be6 10. Qd2)) (3. Nf3 f5 4. d4 e4 5. Ng5 Be7 6. Nh3 Nf6 7. Bg5 O-O 8. e3 h6 9.
Bxf6 Bxf6 10. Nf4 Bg5 11. g3 (11. Nh3) 11... Bxf4 12. gxf4 Nd7 13. Qc2 Nf6)
3... f5 4. d3 Nf6 5. g3 Be7 6. Bg2 c6 (6... O-O 7. exf5 c6 8. g4) 7. Nge2 O-O
8. O-O Na6 9. h3 (9. exf5 Bxf5 10. d4 Qe8 (10... Qc8) (10... e4 11. Bg5 d5 12.
Bxf6 Bxf6 13. cxd5 cxd5 14. Qb3)) (9. d4 fxe4 10. dxe5 dxe5 11. Qxd8 (11. b3
Nc5) (11. Nxe4 Nxe4 12. Bxe4 Bh3 13. Bg2 (13. Qxd8 Raxd8 14. Bg2 Bg4 15. Nc3
Nc5 16. Be3 Nd3 17. b3 Bc5) 13... Bxg2 (13... Qc8) 14. Kxg2 Qc8) 11... Bxd8)
9... Qe8 10. exf5 Bxf5 11. g4 Nxg4 (11... Be6 12. f4 Rd8 13. f5 Bc8 14. Ng3 h6
15. h4) 12. hxg4 Bxg4 13. f3 $4 (13. Be3 Qg6 14. Ne4 d5 (14... Bf3 15. N4g3 Nc5
(15... h5 16. Bxf3 Rxf3 17. Nc3 (17. Kg2 Raf8 18. Ng1 Rxe3 19. fxe3 Rxf1 20.
Qxf1 h4 21. N1e2 Nc5 (21... hxg3 22. Nxg3 Bh4 23. Qf3 Qxd3 24. Rf1 Qg6 25. Qf8+
Kh7 26. Qf5 Nc5 (26... Bxg3 27. Qxg6+ Kxg6 28. Kxg3 Nc5 29. Rd1 (29. Rf8 Nd3
30. b3 Nc1 31. Rb8 (31. Rd8)) 29... Ne4+ 30. Kf3 Kf5) 27. Qxg6+ Kxg6)))) 15.
cxd5 cxd5 16. N4g3 d4) (13. Qd2) 13... Be6 14. Be3 Qg6 15. Ne4 (15. Bf2 h5 (
15... Rxf3)) (15. Kh1 Rf5) 15... d5 16. cxd5 cxd5 17. N4g3 h5 18. f4 (18. Kh2
h4 19. Nh1 h3 (19... Bd6 20. Nf2 e4+ (20... d4 21. Bd2 (21. Ne4) 21... e4+) 21.
f4) (19... d4 20. Bd2 Bd6 21. f4 Nc5) 20. Bxh3 Bxh3 (20... Qh5 21. Nf2 (21. Ng1
Bd6 22. Ng3 e4 23. f4)) 21. Kxh3 Rf5 (21... Kf7 22. Nhg3) 22. Nhg3) 18... exf4
19. Nxf4 (19. Bxf4 h4 20. Nd4 (20. Qd2 hxg3 21. Bxg3) 20... Bc5) 19... Qxg3 20.
Rf3 Qg4 21. Nxd5 Qxg2+ (21... Bxd5 22. Rxf8+ Rxf8 23. Qxg4 hxg4 24. Bxd5+) 22.
Kxg2 Bxd5 23. Qd2 Rxf3 24. Kg1 Rg3+ 25. Kf1 Rf8+ 0-1

[Event "BALKAN AMATEUR CHESS FESTIVAL"]
[Site "Belogradchik, hotel Skalite"]
[Date "2010.09.10"]
[Round "7.16"]
[White "Mishev, Liubomir"]
[Black "Mladenov, Emil"]
[Result "0-1"]
[WhiteElo "2232"]
[BlackElo "2169"]
[PlyCount "79"]
[EventDate "2010.09.06"]

1. e4 d5 2. exd5 Qxd5 3. Nc3 Qa5 4. Nf3 c6 5. d4 Nf6 6. Bc4 b5 7. Bd3 e6 8. O-O
Bd6 9. Bg5 Nbd7 10. a3 Qc7 11. Qe2 Bb7 12. Rfe1 a6 13. Ne4 Nxe4 14. Bxe4 Nf6
15. Bd3 c5 16. dxc5 Qxc5 17. b4 Qc6 18. c4 bxc4 19. Bxc4 O-O 20. Rac1 Ng4 21.
Bb3 Bxh2+ 22. Kh1 Qb6 23. Be7 Bd6 24. Bxf8 Nxf2+ 25. Kg1 Ng4+ 26. Kh1 Rxf8 27.
Rf1 Bg3 28. Rc5 e5 29. Rfc1 Qh6+ 30. Kg1 Bf2+ 31. Qxf2 Nxf2 32. Kxf2 Bxf3 33.
Kxf3 Qf4+ 34. Ke2 Qe4+ 35. Kf2 Qd4+ 36. Ke2 Qb2+ 37. Bc2 Qxa3 38. Rb1 g6 39.
Ra5 Qc3 40. Be4 0-1

[Event "BALKAN AMATEUR CHESS FESTIVAL"]
[Site "Belogradchik, hotel Skalite"]
[Date "2010.09.10"]
[Round "7.17"]
[White "Cernea, Radu"]
[Black "Popov, Georgi"]
[Result "1/2-1/2"]
[WhiteElo "2039"]
[BlackElo "2208"]
[PlyCount "44"]
[EventDate "2010.09.06"]

1. d4 d5 2. c4 c6 3. Nc3 Nf6 4. cxd5 cxd5 5. Nf3 Nc6 6. Bf4 a6 7. e3 e6 8. Bd3
Nh5 9. Bg5 Qb6 10. O-O h6 11. Bh4 g5 12. Bg3 Nxg3 13. hxg3 Bg7 14. Na4 Qd8 15.
Rc1 g4 16. Nd2 h5 17. Nc5 e5 18. Re1 Kf8 19. e4 Nxd4 20. exd5 b6 21. Ncb3 Bb7
22. Ne4 Bxd5 1/2-1/2

[Event "BALKAN AMATEUR CHESS FESTIVAL"]
[Site "Belogradchik, hotel Skalite"]
[Date "2010.09.10"]
[Round "7.18"]
[White "Enoiu, Alexandru-Ionut"]
[Black "Galunova, Tsveta"]
[Result "1-0"]
[WhiteElo "2187"]
[BlackElo "1991"]
[PlyCount "45"]
[EventDate "2010.09.06"]

1. d4 d5 2. Nf3 Nf6 3. c4 c6 4. Nc3 dxc4 5. a4 Bf5 6. e3 e6 7. Bxc4 Bb4 8. O-O
O-O 9. Bd3 g6 10. Ne5 Bxd3 11. Nxd3 Be7 12. Qe2 Na6 13. Rd1 Qb6 14. a5 Qb3 15.
e4 Rfd8 16. Be3 b5 17. axb6 Qxb6 18. d5 c5 19. d6 Rxd6 20. e5 Rxd3 21. Rxd3 Nd5
22. Rxd5 exd5 23. Nxd5 1-0

[Event "BALKAN AMATEUR CHESS FESTIVAL"]
[Site "Belogradchik, hotel Skalite"]
[Date "2010.09.10"]
[Round "7.19"]
[White "Popov, Ilian"]
[Black "Stefanov, Evtim"]
[Result "1-0"]
[WhiteElo "2247"]
[BlackElo "1925"]
[PlyCount "107"]
[EventDate "2010.09.06"]

1. e4 c5 2. Nf3 e6 3. d4 cxd4 4. Nxd4 Nc6 5. Nc3 Qc7 6. Be2 a6 7. O-O Nf6 8.
Be3 Be7 9. f4 d6 10. Bf3 O-O 11. Nb3 b5 12. g4 b4 13. Ne2 e5 14. f5 h6 15. h4
Nh7 16. Qe1 Qd8 17. Bf2 a5 18. Rd1 Qc7 19. Kg2 Bb7 20. Be3 a4 21. Nd2 Na5 22.
Rc1 Nc4 23. Nxc4 Qxc4 24. b3 axb3 25. axb3 Qb5 26. Qg3 f6 27. Rfd1 Ra2 28. Rd2
Rc8 29. c4 Qa5 30. Qe1 Nf8 31. Kf1 Rxd2 32. Bxd2 Qa2 33. Qd1 Qa5 34. Ra1 Qc7
35. Bxb4 d5 36. Bxe7 dxe4 37. Bd6 Qc6 38. Bg2 Rd8 39. c5 Nd7 40. b4 Qb5 41.
Qb3+ Kh7 42. Ra5 Nxc5 43. Bxc5 Qd7 44. Be3 h5 45. Bh3 g6 46. fxg6+ Kg7 47. Qf7+
Qxf7 48. gxf7 Bc8 49. Ra7 hxg4 50. Bc5 Kg6 51. f8=Q Rxf8 52. Bxg4 Re8 53. h5+
Kg5 54. Rg7+ 1-0

[Event "BALKAN AMATEUR CHESS FESTIVAL"]
[Site "Belogradchik, hotel Skalite"]
[Date "2010.09.10"]
[Round "7.20"]
[White "Ivanov, Ljubomir"]
[Black "Turcu, Iulian"]
[Result "0-1"]
[WhiteElo "1973"]
[BlackElo "2237"]
[PlyCount "53"]
[EventDate "2010.09.06"]

1. d4 Nf6 2. c4 g6 3. Nf3 Bg7 4. Nc3 d5 5. cxd5 Nxd5 6. e4 Nxc3 7. bxc3 O-O 8.
Bc4 c5 9. Be3 Nc6 10. O-O Bg4 11. e5 Bxf3 12. gxf3 e6 13. Qd2 Qa5 14. Rab1 cxd4
15. Bxd4 Nxd4 16. Qxd4 Bxe5 17. Qh4 Qc7 18. Qe4 Rac8 19. Rxb7 Bxh2+ 20. Kg2
Qxc4 21. Qxc4 Rxc4 22. Kxh2 a5 23. Rb3 Rd8 24. Rc1 a4 25. Ra3 Rd5 26. Kg2 h5
27. Rh1 0-1

[Event "BALKAN AMATEUR CHESS FESTIVAL"]
[Site "Belogradchik, hotel Skalite"]
[Date "2010.09.09"]
[Round "6.1"]
[White "Dobrev, Naiden"]
[Black "Ivanov, Bogidar"]
[Result "1-0"]
[WhiteElo "2206"]
[BlackElo "2188"]
[PlyCount "103"]
[EventDate "2010.09.06"]

1. d4 Nf6 2. Bg5 c5 3. Bxf6 gxf6 4. d5 Qb6 5. Qc1 Bg7 6. c3 f5 7. g3 d6 8. Nd2
O-O 9. Nh3 Nd7 10. Bg2 e5 11. O-O Nf6 12. Qc2 Bd7 13. Nc4 Qc7 14. Ne3 Qc8 15.
f4 e4 16. Nf2 b5 17. Nfd1 Re8 18. a4 a6 19. axb5 axb5 20. Nf2 Rf8 21. Qd2 h6
22. Rxa8 Qxa8 23. Bh3 Qc8 24. Ra1 h5 25. Ra7 Ng4 26. Bxg4 hxg4 27. Qc1 Rd8 28.
Qa1 Kh7 29. Qa5 Kg6 30. Qb6 Be8 31. Kg2 Rd7 32. Ra6 Bf8 33. Qa5 Rb7 34. h3
gxh3+ 35. Nxh3 f6 36. Ra8 Rb8 37. Ra7 Rb7 38. Qa6 Rc7 39. Qxc8 Rxc8 40. g4 Bf7
41. Nxf5 Bxd5 42. Nh4+ Kh6 43. g5+ fxg5 44. Nxg5 Bg8 45. Kg3 Re8 46. e3 b4 47.
cxb4 cxb4 48. Rb7 b3 49. Kg4 Be6+ 50. f5 Bg8 51. f6 Ra8 52. Rh7+ 1-0

[Event "BALKAN AMATEUR CHESS FESTIVAL"]
[Site "Belogradchik, hotel Skalite"]
[Date "2010.09.09"]
[Round "6.2"]
[White "Andreev, Stanislav"]
[Black "Ivelinov, Hristo"]
[Result "0-1"]
[WhiteElo "2163"]
[BlackElo "2221"]
[PlyCount "90"]
[EventDate "2010.09.06"]

1. d4 d5 2. c4 c6 3. Nc3 Nf6 4. e3 g6 5. Bd3 Bg7 6. Qc2 O-O 7. Nf3 c5 8. cxd5
cxd4 9. Nxd4 Nxd5 10. Nxd5 Qxd5 11. O-O Rd8 12. Bc4 Qd7 13. Qb3 e5 14. Nf3 Nc6
15. Ng5 Rf8 16. Qa4 Qe7 17. e4 Nd4 18. Be3 Bd7 19. Qd1 Rac8 20. Bb3 h6 21. Nf3
Bb5 22. Re1 Rfd8 23. Bxd4 exd4 24. Bd5 d3 25. Qb3 Ba6 26. Red1 Rc2 27. Rd2 Bxb2
28. Rad1 Rxd2 29. Rxd2 Bc1 30. Rd1 Rc8 31. h4 Rc7 32. h5 gxh5 33. Nd4 Qa3 34.
Qb1 Qb2 35. Qxb2 Bxb2 36. Nb3 Rc2 37. g3 b6 38. Kg2 Bc3 39. Kf3 Kg7 40. Nc1 Bd4
41. e5 Rc3 42. Nb3 Bxe5 43. Ke4 Bf6 44. Nc1 d2 45. Nb3 Bd3+ 0-1

[Event "BALKAN AMATEUR CHESS FESTIVAL"]
[Site "Belogradchik, hotel Skalite"]
[Date "2010.09.09"]
[Round "6.3"]
[White "Janachkov, Angel"]
[Black "Todorov, Todor"]
[Result "1-0"]
[WhiteElo "2212"]
[BlackElo "2151"]
[PlyCount "71"]
[EventDate "2010.09.06"]

1. e4 c5 2. Nf3 Nc6 3. c3 d5 4. exd5 Qxd5 5. d4 cxd4 6. cxd4 e6 7. Nc3 Bb4 8.
Bd3 Nf6 9. O-O Qd8 10. a3 Be7 11. Re1 O-O 12. Bc2 b6 13. Qd3 Bb7 14. Bg5 g6 15.
Bh6 Re8 16. Rad1 Rc8 17. Bb1 Na5 18. Ne5 Bd5 19. Qg3 Nh5 20. Qg4 f5 21. Qe2 Bg5
22. Bxg5 Qxg5 23. Nxd5 exd5 24. Qf3 Nf6 25. Ba2 Red8 26. g3 Rc2 27. h4 Qh6 28.
Nd3 Ne4 29. Rxe4 fxe4 30. Qxe4 Qh5 31. Qe6+ Kg7 32. Re1 Nc6 33. Bb3 Nxd4 34.
Qe7+ Kh6 35. Bxc2 Nf3+ 36. Kf1 1-0

[Event "BALKAN AMATEUR CHESS FESTIVAL"]
[Site "Belogradchik, hotel Skalite"]
[Date "2010.09.09"]
[Round "6.4"]
[White "Sgircea, Silvia Raluca"]
[Black "Ivanov, Borislav"]
[Result "1/2-1/2"]
[WhiteElo "2192"]
[BlackElo "2178"]
[PlyCount "45"]
[EventDate "2010.09.06"]

1. Nf3 Nf6 2. c4 c6 3. e3 d5 4. Nc3 e6 5. b3 Nbd7 6. d4 Bd6 7. Be2 O-O 8. O-O
Qe7 9. Bb2 Re8 10. Rc1 b6 11. Qc2 Bb7 12. e4 Nxe4 13. Nxe4 dxe4 14. Qxe4 f5 15.
Qb1 c5 16. Qa1 cxd4 17. Nxd4 Bxh2+ 18. Kxh2 Qh4+ 19. Kg1 Bxg2 20. Kxg2 Qg5+ 21.
Kh1 Qh4+ 22. Kg2 Qg5+ 23. Kh1 1/2-1/2

[Event "BALKAN AMATEUR CHESS FESTIVAL"]
[Site "Belogradchik, hotel Skalite"]
[Date "2010.09.09"]
[Round "6.6"]
[White "Janchev, Petar"]
[Black "Ninov, Dayan"]
[Result "1-0"]
[WhiteElo "2186"]
[BlackElo "2033"]
[PlyCount "129"]
[EventDate "2010.09.06"]

1. c4 c6 2. Nf3 d5 3. e3 Nf6 4. Nc3 g6 5. Be2 Bg7 6. O-O O-O 7. d4 Be6 8. Ng5
Bf5 9. Qb3 Qb6 10. Qa3 h6 11. Nf3 Qc7 12. cxd5 cxd5 13. Bd2 Nc6 14. b4 Qd6 15.
Nb5 Qd7 16. Rfc1 Ne4 17. Be1 Rfc8 18. Qb2 Bg4 19. a4 Bxf3 20. gxf3 Ng5 21. f4
Ne4 22. f3 Nf6 23. a5 Nh5 24. a6 b6 25. Bd3 Qh3 26. Qg2 Qe6 27. Qf2 Bf6 28. Rc3
Kh7 29. Rac1 Nxb4 30. Bf1 Nxa6 31. Ra1 Nb8 32. Nc7 Rxc7 33. Rxc7 a5 34. Bb5 Ng7
35. Qd2 Nf5 36. Bf2 Na6 37. Rc6 Nd6 38. Rxb6 Nb4 39. Be2 Rc8 40. Rxa5 Nc6 41.
Rc5 Nd8 42. Rxc8 Qxc8 43. Rb1 Qf5 44. Bd3 Qh5 45. Kg2 Ne6 46. Bg3 Nf5 47. Bxf5
Qxf5 48. Rd1 Ng7 49. Qd3 Qe6 50. e4 Nh5 51. Ra1 Qb6 52. Rd1 Qb2+ 53. Rd2 Qb7
54. e5 Bh8 55. f5 Ng7 56. fxg6+ fxg6 57. Qc3 Nf5 58. Rb2 Qa7 59. Bf2 h5 60. Qc6
Qa5 61. Rb6 Bf6 62. exf6 Qd2 63. f7 Nh4+ 64. Kg3 Nf5+ 65. Kh3 1-0

[Event "BALKAN AMATEUR CHESS FESTIVAL"]
[Site "Belogradchik, hotel Skalite"]
[Date "2010.09.09"]
[Round "6.7"]
[White "Vlashki, Nino"]
[Black "Ilchev, Plamen"]
[Result "1-0"]
[WhiteElo "2230"]
[BlackElo "2118"]
[PlyCount "37"]
[EventDate "2010.09.06"]

1. e4 c5 2. Nf3 e6 3. d3 Nc6 4. g3 d6 5. Bg2 g6 6. Bg5 Qa5+ 7. Nbd2 Bg7 8. c3
Qc7 9. O-O h6 10. Be3 Nf6 11. Ne1 e5 12. h3 Be6 13. f4 Qd7 14. Kh2 h5 15. Qe2
b6 16. f5 gxf5 17. exf5 Bxf5 18. Rxf5 Qxf5 19. Bxc6+ 1-0

[Event "BALKAN AMATEUR CHESS FESTIVAL"]
[Site "Belogradchik, hotel Skalite"]
[Date "2010.09.09"]
[Round "6.8"]
[White "Tashkov, Rumen"]
[Black "Dichev, Nedelcho"]
[Result "1/2-1/2"]
[WhiteElo "2239"]
[BlackElo "2163"]
[PlyCount "100"]
[EventDate "2010.09.06"]

1. d4 Nf6 2. c4 d6 3. Nf3 Nbd7 4. g3 e5 5. Bg2 c6 6. O-O Be7 7. Nc3 O-O 8. Qc2
Re8 9. b3 Bf8 10. Bb2 a6 11. Rad1 e4 12. Ng5 d5 13. cxd5 cxd5 14. f3 h6 15. Nh3
exf3 16. Bxf3 Nb6 17. Nf4 Bg4 18. Bg2 Qd7 19. Nd3 Bh3 20. Ne5 Rxe5 21. dxe5
Bc5+ 22. e3 Bxg2 23. Qxg2 Ng4 24. Nxd5 Nxd5 25. Qxd5 Bxe3+ 26. Kh1 Nf2+ 27.
Rxf2 Qxd5+ 28. Rxd5 Bxf2 29. Rd7 b5 30. e6 f6 31. Kg2 Bc5 32. Rc7 Bb4 33. Kf3
Re8 34. Rc6 a5 35. Ke4 Rd8 36. Bd4 Kf8 37. Bc5+ Bxc5 38. Rxc5 Ke7 39. Kf5 g6+
40. Kxg6 Kxe6 41. Rxb5 Rd2 42. Rxa5 Rxh2 43. Ra6+ Ke5 44. g4 Rg2 45. Ra4 f5 46.
Ra5+ Ke6 47. Kxh6 Rxg4 48. Kh5 Rg2 49. Kh4 f4 50. a4 f3 1/2-1/2

[Event "BALKAN AMATEUR CHESS FESTIVAL"]
[Site "Belogradchik, hotel Skalite"]
[Date "2010.09.09"]
[Round "6.9"]
[White "Ljangov, Petar"]
[Black "Mishev, Liubomir"]
[Result "1-0"]
[WhiteElo "2096"]
[BlackElo "2232"]
[PlyCount "91"]
[EventDate "2010.09.06"]

1. e4 c5 2. Nf3 e6 3. c3 Nf6 4. Bd3 Nc6 5. Bc2 d6 6. O-O Be7 7. d4 cxd4 8. cxd4
O-O 9. Nc3 e5 10. h3 a6 11. Be3 exd4 12. Nxd4 Ne5 13. Bb3 Re8 14. f4 Ng6 15.
Qf3 Qa5 16. g4 Bd8 17. g5 Nh4 18. Qh1 Nh5 19. Qh2 Bb6 20. Qf2 Ng6 21. Rfd1 Bxh3
22. Qf3 Nhxf4 23. Bxf4 Be6 24. Bxe6 fxe6 25. Be3 Ne5 26. Qe2 Nc6 27. Nf3 Rf8
28. Bxb6 Qxb6+ 29. Kg2 Rf4 30. Rf1 Qa5 31. Qd2 Raf8 32. Qxd6 Qb6 33. Qxe6+ Kh8
34. Nd5 Qxb2+ 35. Rf2 Qxa1 36. Nxf4 Qc1 37. Nd3 Qe3 38. Nde5 Qf4 39. Nxc6 bxc6
40. e5 c5 41. Qh3 Qe4 42. Qh4 Rf4 43. Qh3 Rg4+ 44. Kh1 c4 45. Rg2 Qb1+ 46. Ng1
1-0

[Event "BALKAN AMATEUR CHESS FESTIVAL"]
[Site "Belogradchik, hotel Skalite"]
[Date "2010.09.09"]
[Round "6.10"]
[White "Dimitrov, Dejan"]
[Black "Enoiu, Alexandru-Ionut"]
[Result "1-0"]
[WhiteElo "2053"]
[BlackElo "2187"]
[PlyCount "71"]
[EventDate "2010.09.06"]

1. e4 c5 2. Nf3 d6 3. d4 cxd4 4. Nxd4 Nf6 5. Nc3 g6 6. g3 Bg7 7. Bg2 O-O 8. O-O
a6 9. h3 Qc7 10. Nd5 Nxd5 11. exd5 Nd7 12. Re1 Nb6 13. a4 Re8 14. Ra2 Qc4 15.
Nb3 Bf5 16. c3 h5 17. a5 Nd7 18. Bf1 Qc8 19. g4 hxg4 20. hxg4 Nc5 21. gxf5 Nxb3
22. Qxb3 Qxf5 23. c4 Bd4 24. Be3 Be5 25. Qd3 Qg4+ 26. Bg2 f5 27. f3 Qg3 28. Bf2
Qh2+ 29. Kf1 Kf7 30. b3 Rh8 31. Ree2 Rh5 32. Bd4 Rah8 33. Bxe5 dxe5 34. Rxe5
Rg5 35. Rxe7+ Kg8 36. Re8+ 1-0

[Event "BALKAN AMATEUR CHESS FESTIVAL"]
[Site "Belogradchik, hotel Skalite"]
[Date "2010.09.09"]
[Round "6.11"]
[White "Sofranov, Velizar"]
[Black "Ivanov, Stoyan E"]
[Result "1/2-1/2"]
[WhiteElo "2011"]
[BlackElo "2176"]
[PlyCount "53"]
[EventDate "2010.09.06"]

1. d4 Nf6 2. c4 e5 3. dxe5 Ng4 4. e3 Nxe5 5. Nh3 Nbc6 6. Nf4 g6 7. Nc3 Bg7 8.
Nfd5 Ne7 9. Nxe7 Qxe7 10. Nd5 Qd8 11. Be2 d6 12. O-O O-O 13. Bd2 c6 14. Nf4 Nd7
15. Qc1 Qe7 16. Bc3 Nf6 17. Rd1 Bh6 18. Bf3 Bf5 19. Qd2 Rfd8 20. Bb4 Bf8 21.
Rac1 Ne4 22. Qe2 Nf6 23. Qd2 Ne4 24. Qe2 Nf6 25. Qd2 Ne4 26. Qe2 Nf6 27. Qd2
1/2-1/2

[Event "BALKAN AMATEUR CHESS FESTIVAL"]
[Site "Belogradchik, hotel Skalite"]
[Date "2010.09.09"]
[Round "6.12"]
[White "Mladenov, Emil"]
[Black "Vladimirov, Vladimir"]
[Result "0-1"]
[WhiteElo "2169"]
[BlackElo "2142"]
[PlyCount "78"]
[EventDate "2010.09.06"]

1. e4 c5 2. g3 Nc6 3. Bg2 g6 4. Ne2 Bg7 5. O-O Nf6 6. f4 d6 7. h3 O-O 8. g4 Bd7
9. c3 Rc8 10. Na3 a6 11. Nc4 b5 12. Ne3 b4 13. Ng3 Ne8 14. a3 bxc3 15. bxc3 Rb8
16. f5 Na5 17. g5 Bb5 18. Rf4 Bd3 19. Ng4 Nb3 20. Qf3 Nxa1 21. Qxd3 Nb3 22. Rf1
Qb6 23. Qf3 c4+ 24. d4 Nxc1 25. Rxc1 Qb2 26. Rf1 Rb3 27. f6 Rxc3 28. fxg7 Rxf3
29. gxf8=Q+ Kxf8 30. Rxf3 Qxd4+ 31. Kh2 Qd2 32. h4 c3 33. Rf2 Qc1 34. Ne2 Qe1
35. Nd4 Kg7 36. Ne2 Qd1 37. Bf3 Qd3 38. Kg2 Nc7 39. e5 d5 0-1

[Event "BALKAN AMATEUR CHESS FESTIVAL"]
[Site "Belogradchik, hotel Skalite"]
[Date "2010.09.09"]
[Round "6.13"]
[White "Turcu, Iulian"]
[Black "Enchev, Evgeni"]
[Result "0-1"]
[WhiteElo "2237"]
[BlackElo "1984"]
[PlyCount "97"]
[EventDate "2010.09.06"]

1. d4 Nf6 2. Bg5 e6 3. e3 Be7 4. Bd3 d5 5. Nd2 c5 6. c3 Qb6 7. Qb1 Nc6 8. Ngf3
h6 9. Bh4 g5 10. Bg3 Nh5 11. Be5 Nxe5 12. Nxe5 Nf6 13. Be2 Rg8 14. a4 a6 15. h3
Rg7 16. Nf1 Bd6 17. Nh2 cxd4 18. exd4 h5 19. Nhf3 Ne4 20. Nd3 Bd7 21. Nfe5
O-O-O 22. Nxd7 Kxd7 23. a5 Qc7 24. Bxh5 Rh8 25. Bg4 f5 26. Be2 Rh4 27. Qc2 Bf4
28. Nxf4 Qxf4 29. Bd3 g4 30. Bxe4 fxe4 31. Qd2 Qc7 32. g3 Rxh3 33. Rxh3 gxh3
34. Qh6 Kd6 35. Qf4+ Kc6 36. Qxc7+ Rxc7 37. Kf1 Kb5 38. Kg1 Kc4 39. Kh2 Rh7 40.
Ra4+ Kd3 41. Rb4 Ke2 42. Rb6 Kxf2 43. Rxe6 e3 44. c4 e2 45. Rf6+ Ke3 46. Re6+
Kd2 47. cxd5 e1=Q 48. Rxe1 Kxe1 49. d6 0-1

[Event "BALKAN AMATEUR CHESS FESTIVAL"]
[Site "Belogradchik, hotel Skalite"]
[Date "2010.09.09"]
[Round "6.14"]
[White "Panayotov, Yanko"]
[Black "Krustev, Vasil"]
[Result "1-0"]
[WhiteElo "2233"]
[BlackElo "2012"]
[PlyCount "53"]
[EventDate "2010.09.06"]

1. e4 c6 2. d4 d5 3. Nd2 dxe4 4. Nxe4 Nf6 5. Nxf6+ gxf6 6. c3 Bf5 7. Ne2 Nd7 8.
Ng3 Bg6 9. h4 h5 10. Bd3 Bxd3 11. Qxd3 Ne5 12. Qe2 Ng6 13. f4 Qd6 14. Ne4 Qc7
15. Nxf6+ Kd8 16. Nxh5 Bh6 17. Qf3 Kd7 18. g4 Rae8 19. g5 Bf8 20. Be3 Qa5 21.
O-O-O Qxa2 22. f5 Qa1+ 23. Kc2 Qa4+ 24. Kb1 Rxh5 25. Qxh5 e5 26. fxg6 Ba3 27.
gxf7 1-0

[Event "BALKAN AMATEUR CHESS FESTIVAL"]
[Site "Belogradchik, hotel Skalite"]
[Date "2010.09.09"]
[Round "6.15"]
[White "Primbetov, Kazbek"]
[Black "Simeonov, Svetoslav"]
[Result "1-0"]
[WhiteElo "2221"]
[BlackElo "1827"]
[PlyCount "55"]
[EventDate "2010.09.06"]

1. e4 c5 2. Nf3 Nc6 3. d4 cxd4 4. Nxd4 Nf6 5. Nc3 d6 6. Bc4 e6 7. Bb3 Be7 8. f4
a6 9. Be3 Qa5 10. Qf3 Nxd4 11. Bxd4 Qh5 12. Qxh5 Nxh5 13. O-O O-O 14. e5 f5 15.
Na4 dxe5 16. fxe5 Bd8 17. Nc5 Bb6 18. Nxe6 Bxd4+ 19. Nxd4+ Kh8 20. g4 Rd8 21.
gxh5 Rxd4 22. Rad1 Rg4+ 23. Kh1 h6 24. Rd8+ Kh7 25. Bg8+ Kh8 26. Bf7+ Kh7 27.
Rg1 Be6 28. Bg6+ 1-0

[Event "BALKAN AMATEUR CHESS FESTIVAL"]
[Site "Belogradchik, hotel Skalite"]
[Date "2010.09.09"]
[Round "6.16"]
[White "Olea, Liliana"]
[Black "Tscharotschkin, Michael"]
[Result "0-1"]
[WhiteElo "2015"]
[BlackElo "2179"]
[PlyCount "38"]
[EventDate "2010.09.06"]

1. e4 e6 2. d4 d5 3. Nc3 Bb4 4. e5 c5 5. a3 Bxc3+ 6. bxc3 Ne7 7. Qg4 cxd4 8.
cxd4 Qc7 9. Bd2 Qxc2 10. Qxg7 Rg8 11. Qh6 Nbc6 12. Nf3 Qb2 13. Rd1 Nxd4 14.
Nxd4 Qxd4 15. Qxh7 Qxe5+ 16. Be3 Bd7 17. h4 Rc8 18. Rh3 Ba4 19. Rf3 Rg7 0-1

[Event "BALKAN AMATEUR CHESS FESTIVAL"]
[Site "Belogradchik, hotel Skalite"]
[Date "2010.09.09"]
[Round "6.17"]
[White "Schneider, Laurent"]
[Black "Mitrev, Emil"]
[Result "0-1"]
[WhiteElo "1900"]
[BlackElo "2178"]
[PlyCount "42"]
[EventDate "2010.09.06"]

1. e4 c5 2. Nf3 e6 3. d4 cxd4 4. Nxd4 a6 5. Be2 Nf6 6. O-O Nxe4 7. Nc3 Nxc3 8.
bxc3 Be7 9. Bd3 O-O 10. Qh5 g6 11. Qh6 Bf6 12. f4 Bg7 13. Qh3 d6 14. f5 exf5
15. Nxf5 Bxf5 16. Rxf5 Nd7 17. Rf4 Ne5 18. Be2 Rc8 19. Rh4 h5 20. Rb1 Rxc3 21.
Qxc3 Qxh4 0-1

[Event "BALKAN AMATEUR CHESS FESTIVAL"]
[Site "Belogradchik, hotel Skalite"]
[Date "2010.09.09"]
[Round "6.18"]
[White "Stoimenov, Kalojan"]
[Black "Vasilev, Plamen"]
[Result "0-1"]
[WhiteElo "1825"]
[BlackElo "2102"]
[PlyCount "58"]
[EventDate "2010.09.06"]

1. e4 c6 2. d4 d5 3. exd5 cxd5 4. Bd3 Nc6 5. c3 Nf6 6. Bg5 g6 7. Bxf6 exf6 8.
Ne2 Bd6 9. O-O Qc7 10. Ng3 O-O 11. Qf3 f5 12. Qxd5 h5 13. Nd2 h4 14. Ne2 Bxh2+
15. Kh1 Bd6 16. Nc4 Rd8 17. Nxd6 Rxd6 18. Qf3 Qd8 19. Qe3 g5 20. Rae1 Be6 21.
Qf3 Qf6 22. Kg1 Kg7 23. b4 Rh8 24. b5 Na5 25. g3 Nc4 26. Rd1 Nb2 27. Rd2 Nxd3
28. Rxd3 Bc4 29. Re3 Bd5 0-1

[Event "BALKAN AMATEUR CHESS FESTIVAL"]
[Site "Belogradchik, hotel Skalite"]
[Date "2010.09.09"]
[Round "6.19"]
[White "Kamenov, Valentin"]
[Black "Heredia Serrano, Carla"]
[Result "1-0"]
[WhiteElo "1797"]
[BlackElo "2096"]
[PlyCount "97"]
[EventDate "2010.09.06"]

1. e4 e6 2. d4 d5 3. Nc3 Bb4 4. Qg4 Nf6 5. Qxg7 Rg8 6. Qh6 Rg6 7. Qh4 Rg4 8.
Qh3 e5 9. Nge2 exd4 10. a3 Rxe4 11. Qd3 dxc3 12. axb4 cxb2 13. Bxb2 Nc6 14.
O-O-O Nxb4 15. Qb3 Nc6 16. Nd4 Nxd4 17. Bxd4 c6 18. f3 Re6 19. Bd3 b6 20. Rhe1
Bd7 21. Qb2 Ng8 22. Bxh7 Ne7 23. Bf6 Qc7 24. Rxe6 Bxe6 25. Qb4 a5 26. Qh4 Qd6
27. Bd3 Kd7 28. f4 a4 29. Re1 Qa3+ 30. Kb1 Qb4+ 31. Kc1 a3 32. Bxe7 Qxe7 33.
Qxe7+ Kxe7 34. f5 a2 35. Kb2 a1=Q+ 36. Rxa1 Rxa1 37. Kxa1 Bd7 38. h4 c5 39. c3
Kf6 40. g4 Ke5 41. h5 c4 42. Bc2 Kf6 43. h6 b5 44. g5+ Kxg5 45. h7 Bxf5 46.
Bxf5 Kxf5 47. h8=Q Ke6 48. Qd4 f5 49. Kb2 1-0